00470cam a2200157ua 4500001000400000008003900004040000900043082001600052245008500068250000900153260004000162300002600202653002300228653004400251700001700295693110412n ii |||gr||||Z||||||eng cMAIN a342.0309541 aFundamental rules and subsidiary rules. : bAssam & Meghalaya. / cBy V K Dewan. a6th. aNew Delhi.:bOrient law house.,993. aviii, 488 p.:c25 cm. aPolitical science. aFundamental rules and subsidiary rules.1 aDewan, V K.,